000 00964nam a2200253 a 4500
001 BRCA_1673
005 20190320203513.0
008 280508s1986----sp-a---###---#000-0#spa-#
020 _a8420690368
050 4 _aN6948.5
_b.S75 1986
245 1 0 _aDe Stijl
_b1917-1931 : visiones de utopía
_cintroducción de Hans L.C. Jaffé ; Manfred Bock ... [et al.] ; coordinación de Mildred Friedman ; versión española de Fernando Villaverde.
260 _aMadrid
_bAlianza
_c1986
300 _a254 p.
_bil. (algunas a color)
_c28 cm.
500 _aTraducción de : De Stijl 1817-1931 - Visions of Utopia
500 _aIncluye índice onomástico
504 _aBibliografía : p. 245-247
610 2 4 _aDe Stijl (Movimiento artístico)
_zHolanda
_95214
650 1 4 _aArte moderno
_ySiglo XX
_91863
650 1 4 _aArtistas holandeses
_95215
700 1 _aJaffé, Hans L.C
_95216
700 1 _aBock, Manfred
_95217
700 1 _aVillaverde, Fernando
_95218
942 _2lcc
_cB
999 _c1468
_d1468